000 00600nam a22001937a 4500
005 20160727151848.0
010 _aENG-115554
020 _a9788192226668
_c275.00
035 _aEN-99086
037 _aDBAD/PUB
082 _a364.1850954
100 _aVarma,K.K.
245 _aLife and times of unborn Kamla /
_cby Varma,K.K.
260 _aNew Delhi
_bPalimpsest Publishing House
_c2013
270 _a16,Community Center,Panchsheel Park
_bNew Delhi
_e110017
300 _a169p.
_c22cm(pbk)
500 _aIncludes bibliographical references
942 _2ddc
_cEN
_h364.1850954
_mVAR
999 _c101523
_d101523